SS Lazio Squad 2019-2020 - Statistics

General Stats
  • This quiz has been taken 32 times
  • The average score is 16 of 31
Answer Stats
# Position Nation Player % Correct
21 MF Serbia Sergej Milinković-Savić
94%
17 FW Italy Ciro Immobile
91%
1 GK Albania Thomas Strakosha
91%
10 MF Spain Luis Alberto
84%
20 FW Ecuador Felipe Caicedo
78%
6 MF Brazil Lucas Leiva
78%
4 DF Spain Patric
75%
19 MF Bosnia and Herzegovina Senad Lulić
75%
26 DF Romania Ștefan Radu
75%
11 FW Argentina Joaquín Correa
72%
77 MF Montenegro Adam Marušić
69%
5 DF Belgium Jordan Lukaku
69%
15 DF Angola Bastos
66%
33 DF Italy Francesco Acerbi
66%
- Coach Italy Simone Inzaghi
66%
29 MF Italy Manuel Lazzari
63%
32 MF Italy Danilo Cataldi
56%
28 MF Italy André Anderson
50%
8 MF Suriname Djavan Anderson
50%
93 DF Slovakia Denis Vavro
47%
3 DF Italy Luiz Felipe
47%
16 MF Italy Marco Parolo
41%
24 GK Belgium Silvio Proto
34%
22 MF Spain Jony
28%
7 MF Kosovo Valon Berisha
28%
58 MF Cameroon Joseph Minala
16%
34 FW Netherlands Bobby Adekanye
13%
23 GK Italy Guido Guerrieri
13%
13 DF Italy Nicolò Armini
9%
49 DF Portugal Jorge Silva
6%
27 DF Argentina Tiago Casasola
0%
No matching quizzes found
Score Distribution
Percent of People with Each Score
Percentile by Number Answered
Your Score History
You have not taken this quiz